000 00887nam a2200289Ia 4500
005 20260324115258.0
008 008 260324s9999 xx 000 0 eng d
020 _a9781315104188
037 _aEBOOK
040 _aCRL
040 _beng
040 _cCRL
041 _2eng
041 _aeng
084 _qCRL
100 _aEndah Retnowati; Anik Ghufron; Marzuki; Kasiyan; Adi Pierawan; Ashadi
_91154054
245 0 _aCharacter Education for 21st Century Global Citizens
245 0 _bProceedings of the 2nd International Conference on Teacher Education and Professional Development (INCOTEPD 2017), October 21-22, 2017, Yogyakarta, Indonesia
260 _bTaylor and Francis
260 _c2018
365 _a
365 _b465
856 _uhttp://www.taylorfrancis.com/books/9781315104188
942 _cEBOOK
999 _c1744816
_d1744816